1641 1311 1635 1592 1969 1199 1266 1440 1794 1756 1718 1377 1841 1318 1973 1252 1344 1165 1359 1813 1822 1056 1838 1190 1530 1871 1156 1498 1667 1205 1328 1253 1021 1650 1175 1708 1475 1085 1260 1945 1221 1038 1062 1375 1353 1370 1037 1353 1041 1439 1466 1214 1912 1254 1576 1963 1013 1174 1537 1806 1128 1572 1799 1224 1930 1058 1811 1337 1573 1894 1790 1946 1857 1879 1669 1285 1860 1964 1783 1499 1852 1108 1830 1384 1036 1552 1134 1628 1617 1385 1190 1082 1527 1709 1233 1022 1766 1748 1577 BCNSPRNW ULIB Ver.6.0+V

เปลี่ยนเป็นภาษาไทย

Change to English
 แสดงรายละเอียดบรรณานุกรม
  กลับหน้าหลัก

Brief Record : Get Marc (ISO 2709) : E-mail record : QR code < ปิดหน้าต่าง
LEADER : 00000nam 2200000uu 4500
001    13399125666
003     ULIB
008    170713s2558||||th 000 0 tha d
020    ^a9786164030060
060  0 ^aWB541^bน941ข
100 0  ^aโนบุโกะ, วาตานาเบะ
245 00 ^aขยับ ปรับ สรีระ บอกลาปัญหาสุขภาพ /^cโนบุโกะ, วาตานาเบะ
260    ^aกรุงเทพฯ :^bฟรีมายด์,^c2558
300    ^a120 หน้า :^bภาพประกอบ ;^c21 ซม.
650  0 ^aกายบริหาร
700 0  ^aสุธีรา ครุธคำรพ^eผู้แปล
945    ^p150^l0^i25248
999    ^aกัณชพร จุลอักษร
รายการนี้ยังไม่มีแท็ก
คุณยังไม่ได้ล็อกอิน คุณสามารถมีกิจกรรมร่วมกับเว็บไซต์ได้ แต่ต้องล็อกอินก่อน ::
  ล็อกอิน

รายการสื่อสารสนเทศ

ลำดับที่ ประเภท เลขเรียก/บาร์โค้ด สถานที่ สถานะ
1. วิทยาศาสตร์การแพทย์ และสุขภาพ
วิทยาศาสตร์การแพทย์ และสุขภาพ
WB541 น941ข ฉ.1 
  Barcode: 25248
ห้องสมุดวิทยาเขตนครสวรรค์
►ส่วนจัดเก็บหนังสือเก่า นว.
บนชั้น
  ขอยืม

รายการใกล้เคียง
    ผู้แต่ง [โนบุโกะ, วาตานาเบะ]

    หัวเรื่อง [กายบริหาร]

BibComment


ยังไม่เคยถูกคอมเมนท์

คอมเมนท์ทรัพยากรรายการนี้
  คอมเมนท์: ขยับ ปรับ สรีระ ..


 Copyright 2026. Bcnsprnw @Library